CHEMISTRY / (Record no. 616618)

000 -LEADER
fixed length control field 00349nam a22001457a 4500
020 ## - INTERNATIONAL STANDARD BOOK NUMBER
Qualifying information HB.
040 ## - CATALOGING SOURCE
Transcribing agency FIZZA ISHAQ
082 ## - DEWEY DECIMAL CLASSIFICATION NUMBER
Classification number 540
Author Mark REY
100 ## - MAIN ENTRY--PERSONAL NAME
Personal name CHANG,REYMOND.
9 (RLIN) 133763
245 ## - TITLE STATEMENT
Title CHEMISTRY /
Statement of responsibility, etc. REYMOND CHANG.
250 ## - EDITION STATEMENT
Edition statement 11TH ED.
260 ## - PUBLICATION, DISTRIBUTION, ETC.
Place of publication, distribution, etc. NEW YORK ;
Name of publisher, distributor, etc. MC GRAW HILL,
Date of publication, distribution, etc. 2013.
300 ## - PHYSICAL DESCRIPTION
Extent 1085 P. ;
Dimensions 10.8X8.2IN
942 ## - ADDED ENTRY ELEMENTS (KOHA)
Source of classification or shelving scheme
Koha item type Book
Holdings
Withdrawn status Lost status Source of classification or shelving scheme Damaged status Not for loan Permanent Location Current Location Shelving location Date acquired Total Checkouts Full call number Barcode Date last seen Price effective from Koha item type
          NUST Baluchistan Campus (NBC) NUST Baluchistan Campus (NBC) Text Books 03/11/2026   540 REY QD-298 03/11/2026 03/11/2026 Book
© 2023 Central Library, National University of Sciences and Technology. All Rights Reserved.